000 00216nam a22000857a 4500
008 161213b xxu||||| |||| 00| 0 eng d
100 _92028
_aAsthana.G.R
245 _aMouse Lears a Learns
260 _aNew Delhi
_bC B T
_c2011
999 _c4904
_d4904